Central Library OPAC University of Rajshahi

আঁধারে-আলো : (Record no. 56310)

MARC details
000 -LEADER
fixed length control field 00793nam a2200229 a 4500
001 - CONTROL NUMBER
control field 56310
003 - CONTROL NUMBER IDENTIFIER
rucl marc code BD-RjUL
005 - DATE AND TIME OF LATEST TRANSACTION
control field 20211209080359.0
008 - FIXED-LENGTH DATA ELEMENTS--GENERAL INFORMATION
fixed length control field 161128s1968 bg ||||| |||| 00| 0 ben d
020 ## - INTERNATIONAL STANDARD BOOK NUMBER
Terms of availability : TK 150
035 ## - SYSTEM CONTROL NUMBER
System control number (BD-RjUL)56434
040 ## - CATALOGING SOURCE
Original cataloging agency BD-RjUL
Language of cataloging ben
Transcribing agency BD-RjUL
041 ## - LANGUAGE CODE
Language code of text/sound track or separate title ben
082 ## - DEWEY DECIMAL CLASSIFICATION NUMBER
Edition number 23
Classification number 891.442
Author mark and year WAA 1968
100 ## - MAIN ENTRY--PERSONAL NAME
Personal name ওয়াহেদ, আবদুল
9 (RLIN) 167558
245 10 - TITLE STATEMENT
Title আঁধারে-আলো :
Remainder of title সামাজিক নাটক /
Statement of responsibility, etc. আবদুল ওয়াহেদ
260 ## - PUBLICATION, DISTRIBUTION, ETC. (IMPRINT)
Place of publication, distribution, etc. ঢাকা :
Name of publisher, distributor, etc. টাউন লাইব্রেরী,
Date of publication, distribution, etc. ১৯৬৮ [?]
300 ## - PHYSICAL DESCRIPTION
Pagination ৯৬ পৃ. ;
Size ১৭ সেমি .
650 ## - SUBJECT ADDED ENTRY--TOPICAL TERM
Topical term or geographic name as entry element বাংলা নাটক
9 (RLIN) 167559
Topical term or geographic name as entry element Bengali Drama
9 (RLIN) 167560
942 ## - ADDED ENTRY ELEMENTS (KOHA)
Source of classification or shelving scheme Dewey Decimal Classification
Koha item type Books
Holdings
Lost status Source of classification or shelving scheme Damaged status Not for loan Collection code Permanent Location Current Location Shelving location Date acquired Source of acquisition Cost, normal purchase price Total Checkouts Full call number Date last seen Copy number Koha item type
  Dewey Decimal Classification     Non-fiction Central Library, University of Rajshahi Central Library, University of Rajshahi   22/10/1968 Prantic, Rajshahi 1.50   B 891.442 WAA 1968 28/11/2016 C-2 Books